Szybkie pisanie miesięcy - Statystyki

Ogólne statystyki
  • Ten quiz został rozwiązany 309 razy
  • Średni wynik to 10 z 12
Statystyki odpowiedzi
Miesiąc Odpowiedź % Poprawnych
1 Styczeń
98%
2 Luty
97%
3 Marzec
97%
4 Kwiecień
92%
5 Maj
92%
6 Czerwiec
89%
7 Lipiec
85%
8 Sierpień
79%
9 Wrzesień
74%
10 Październik
58%
11 Listopad
49%
12 Grudzień
47%
Nie znaleziono quizów pasujących do podanych kryteriów
Rozkład punktacji
Procent ludzi z każdym wynikiem
Percentyl według liczby udzielonych odpowiedzi
Twoja historia wyników
Nie rozwiązałeś tego quizu